[Event "52nd Groningen Open"]
[Site "Groningen NED"]
[Date "2014.12.22"]
[Round "2.15"]
[White "Azaladze, Shota"]
[Black "Stegariu, Vlad-Ionut"]
[Result "1-0"]
[WhiteTitle "IM"]
[WhiteElo "2499"]
[BlackElo "2268"]
[WhiteFideId "13603027"]
[BlackFideId "1217860"]
[EventDate "2014.12.21"]

1. g3 Nf6 2. Bg2 d5 3. Nf3 c6 4. c4 dxc4 5. O-O Bf5 6. Na3 Nbd7 7. Nxc4 Nb6 8.
Na5 Rb8 9. d3 e6 10. e4 Bg4 11. Bf4 Bb4 12. Bxb8 Qxb8 13. Nb3 O-O 14. Qc2 Rd8
15. d4 h6 16. Ne5 Bh5 17. Bf3 Bxf3 18. Nxf3 Be7 19. Rad1 Qc8 20. Ne5 Nfd7 21. f4
Bf6 22. Kg2 Qb8 23. a3 Qc8 24. Na5 Qb8 25. b4 a6 26. Qf2 Qc7 27. Nd3 Na4 28. Qc2
Nab6 29. Nc5 Nxc5 30. dxc5 Nc8 31. Rxd8+ Bxd8 32. Rd1 Be7 33. Qd3 b6 34. Qd7
Qxd7 35. Rxd7 bxa5 36. Rc7 Nd6 37. cxd6 Bxd6 38. Rxc6 1-0

[Event "52nd Groningen Open"]
[Site "Groningen NED"]
[Date "2014.12.22"]
[Round "2.16"]
[White "Baskin, Robert"]
[Black "Dobrov, Vladimir"]
[Result "1-0"]
[BlackTitle "GM"]
[WhiteElo "2287"]
[BlackElo "2495"]
[WhiteFideId "24662402"]
[BlackFideId "4136594"]
[EventDate "2014.12.21"]

1. e4 c5 2. Nf3 Nc6 3. d4 cxd4 4. Nxd4 Qb6 5. Nb3 Nf6 6. Nc3 e6 7. Bd3 Be7 8.
Be3 Qc7 9. f4 d6 10. Qf3 a6 11. O-O-O h5 12. Rhf1 Rb8 13. h3 b5 14. g4 b4 15.
Na4 hxg4 16. hxg4 g5 17. e5 dxe5 18. fxg5 e4 19. Bxe4 Ne5 20. gxf6 Nxf3 21. fxe7
Bd7 22. Rxf3 Bxa4 23. Bg5 Bd7 24. Bf6 Rh2 25. g5 Rb5 26. g6 Rf5 27. g7 Rg2 28.
Bxf5 exf5 29. Rf2 Rxg7 30. Bxg7 Kxe7 31. Re2+ Be6 32. Nd4 f4 33. Nf5+ Ke8 34.
Nd6+ Ke7 35. Bf6+ 1-0

[Event "52nd Groningen Open"]
[Site "Groningen NED"]
[Date "2014.12.22"]
[Round "2.17"]
[White "Raznikov, Danny"]
[Black "Van Osch, Mees"]
[Result "1-0"]
[WhiteTitle "IM"]
[WhiteElo "2494"]
[BlackElo "2261"]
[WhiteFideId "2811154"]
[BlackFideId "1035967"]
[EventDate "2014.12.21"]

1. d4 Nf6 2. Nf3 g6 3. c4 Bg7 4. Nc3 O-O 5. g3 c6 6. Bg2 d5 7. cxd5 cxd5 8. Ne5
Bf5 9. O-O Nc6 10. Nxc6 bxc6 11. Bf4 Nd7 12. Qd2 e5 13. dxe5 Nxe5 14. b3 Qe7 15.
Rac1 Rac8 16. Na4 Rfe8 17. Rfe1 Nd7 18. Bh6 Bh8 19. Be3 Nf6 20. Qa5 Rc7 21. Bd4
Be4 22. f3 Bf5 23. Nc5 Ng4 24. e3 Ne5 25. Qc3 Bf6 26. e4 dxe4 27. Nxe4 Bxe4 28.
Rxe4 c5 29. Bf2 Qd8 30. Rce1 Rce7 31. Bxc5 Re6 32. Qe3 Nd7 33. Bxa7 Qa5 34. Bh3
Rxe4 35. fxe4 Ne5 36. Rf1 Bg7 37. a4 Ra8 38. Bb6 Qb4 39. Bc5 Qb7 40. Kh1 Nd7 41.
Bxd7 Qxd7 42. Qf3 Qb7 43. Bd6 Re8 44. e5 Qxf3+ 45. Rxf3 Bxe5 46. Bxe5 Rxe5 47.
Kg2 f5 48. b4 Kf7 49. Kf2 Re4 50. Rf4 Re8 51. b5 Ke6 52. b6 Kd7 53. Rc4 Re6 54.
a5 Re5 55. a6 1-0

[Event "52nd Groningen Open"]
[Site "Groningen NED"]
[Date "2014.12.22"]
[Round "2.18"]
[White "Sreeves, Clement"]
[Black "Wan, Yunguo"]
[Result "0-1"]
[BlackTitle "IM"]
[WhiteElo "2284"]
[BlackElo "2482"]
[WhiteFideId "2402564"]
[BlackFideId "8603189"]
[EventDate "2014.12.21"]

1. e4 c5 2. Nf3 d6 3. d4 cxd4 4. Nxd4 Nf6 5. Nc3 a6 6. Be3 e5 7. Nb3 Be7 8. h3
b5 9. a4 b4 10. Nd5 Nbd7 11. Nxe7 Qxe7 12. Na5 O-O 13. Bc4 Nc5 14. Bxc5 dxc5 15.
Bd5 Nxd5 16. Qxd5 Bd7 17. O-O Rad8 18. Nc6 Bxc6 19. Qxc6 Qd6 20. Qxd6 Rxd6 21.
Rfd1 Rd4 22. c3 Rxe4 23. cxb4 Rxb4 24. Rd5 f6 25. Rxc5 Rxb2 26. Rc6 Rd8 27. Rxa6
Rdd2 28. Rf1 Ra2 29. Ra7 h5 30. a5 h4 31. a6 Kh7 32. Rb7 Rxa6 33. Rc1 Kg6 34.
Rcc7 Ra1+ 35. Kh2 Kf5 36. Rxg7 Rdd1 37. g3 Ke4 38. Rg4+ Kf3 39. Rb3+ Kxf2 40.
Rb2+ Ke3 41. gxh4 Rh1+ 42. Kg3 Rag1+ 43. Rg2 f5 44. Rxg1 Rxg1+ 45. Kh2 Ra1 46.
Rg3+ Kf4 47. Rg2 e4 48. h5 e3 49. h6 Ra6 50. h7 Rh6 51. Rg7 e2 52. Re7 Kf3 53.
Re5 f4 54. Re7 Kf2 0-1

[Event "52nd Groningen Open"]
[Site "Groningen NED"]
[Date "2014.12.22"]
[Round "2.19"]
[White "Biolek, Richard Jr."]
[Black "Lyell, Mark"]
[Result "1-0"]
[WhiteTitle "IM"]
[BlackTitle "FM"]
[WhiteElo "2446"]
[BlackElo "2236"]
[WhiteFideId "319996"]
[BlackFideId "402354"]
[EventDate "2014.12.21"]

1. d4 f5 2. g3 Nf6 3. Bg2 e6 4. Nf3 d5 5. O-O Bd6 6. c4 c6 7. Nc3 O-O 8. Rb1 a5
9. a3 Nbd7 10. Qc2 Ne4 11. b4 axb4 12. axb4 Ndf6 13. b5 Nxc3 14. Qxc3 Ne4 15.
Qb3 Bd7 16. c5 Bb8 17. b6 e5 18. e3 Kh8 19. Bb2 f4 20. Qb4 Bf5 21. Rbc1 Ng5 22.
Nxg5 Qxg5 23. dxe5 fxg3 24. hxg3 Bd3 25. Rfd1 Bb5 26. Qe1 Ra2 27. Rd2 Rxb2 28.
Rxb2 Qxe5 29. Rd2 Qf6 30. f4 g5 31. Rf2 Re8 32. Qd2 Qe7 33. Qc3+ Qg7 34. Bf1
Bxf1 35. Kxf1 Re4 36. Qxg7+ Kxg7 37. Rc3 h5 38. Ra2 d4 39. exd4 gxf4 40. Ra8 Re8
41. gxf4 1-0

[Event "52nd Groningen Open"]
[Site "Groningen NED"]
[Date "2014.12.22"]
[Round "2.20"]
[White "Nakar, Eylon"]
[Black "Ebralidze, Alexandre"]
[Result "1-0"]
[WhiteTitle "IM"]
[WhiteElo "2419"]
[BlackElo "2128"]
[WhiteFideId "2811111"]
[BlackFideId "13604660"]
[EventDate "2014.12.21"]

1. e4 c6 2. d4 d5 3. Nd2 dxe4 4. Nxe4 Bf5 5. Ng3 Bg6 6. h4 h6 7. Nf3 Nd7 8. h5
Bh7 9. Bd3 Bxd3 10. Qxd3 e6 11. Bd2 Ngf6 12. O-O-O Be7 13. Kb1 O-O 14. Ne4 Nxe4
15. Qxe4 Nf6 16. Qe2 Qd5 17. Be3 a5 18. Ne5 a4 19. f3 a3 20. c4 Qa5 21. b3 Bd6
22. g4 Rad8 23. g5 hxg5 24. h6 gxh6 25. Rxh6 Bxe5 26. Bd2 Qc7 27. dxe5 Qd7 28.
Rdh1 Qd4 29. Rh8+ Kg7 30. exf6+ Kg6 31. R8h6+ Kf5 32. Qe4+ Qxe4+ 33. fxe4+ Kxe4
34. Bxg5 Rg8 35. Bc1 e5 36. R6h5 b5 37. cxb5 cxb5 38. Re1+ Kd4 39. Rhxe5 1-0

[Event "52nd Groningen Open"]
[Site "Groningen NED"]
[Date "2014.12.22"]
[Round "2.21"]
[White "Mohammad, Nubairshah Shaikh"]
[Black "Klekowski, Maciej"]
[Result "1-0"]
[WhiteElo "2275"]
[BlackElo "2418"]
[WhiteFideId "5053196"]
[BlackFideId "1132717"]
[EventDate "2014.12.21"]

1. d4 Nf6 2. c4 e6 3. Nc3 Bb4 4. Qc2 O-O 5. e4 d5 6. e5 Ne4 7. Bd3 c5 8. Ne2 Nc6
9. cxd5 exd5 10. O-O cxd4 11. Nxd5 Qxd5 12. Bxe4 Qxe5 13. Bxh7+ Kh8 14. Bf4 Qf6
15. Be4 Bg4 16. f3 Bd7 17. Qc4 Qe7 18. Bxc6 Bxc6 19. Nxd4 Rfc8 20. Nf5 Qf8 21.
Be5 f6 22. Qh4+ Kg8 23. Bd4 Bd7 24. Ne3 Be6 25. Rfd1 Re8 26. a3 Bd6 27. Rac1 a6
28. b4 Rac8 29. Rxc8 Rxc8 30. Qe4 Qe7 31. h3 Rd8 32. Bb6 Rd7 33. f4 Qe8 34. Kf2
Bf8 35. f5 Rxd1 36. Nxd1 Bf7 37. Qxe8 Bxe8 38. Bc5 Bxc5+ 39. bxc5 Kf7 40. Ke3
Ke7 41. Kd4 Kd7 42. Nc3 Kc6 43. g4 Bf7 44. h4 b6 45. cxb6 Kxb6 46. g5 fxg5 47.
hxg5 Kc6 48. Ne4 a5 49. g6 Ba2 50. f6 Kd7 51. fxg7 Ke7 52. Ke5 1-0

[Event "52nd Groningen Open"]
[Site "Groningen NED"]
[Date "2014.12.22"]
[Round "2.22"]
[White "Kokje, Joris"]
[Black "Koop, Thorben"]
[Result "0-1"]
[BlackTitle "FM"]
[WhiteElo "1865"]
[BlackElo "2396"]
[WhiteFideId "1051024"]
[BlackFideId "24661619"]
[EventDate "2014.12.21"]

1. d4 d6 2. c4 e5 3. e3 Nf6 4. Nc3 Be7 5. Nf3 Nbd7 6. Bd3 O-O 7. O-O c6 8. d5 a6
9. Nd2 cxd5 10. cxd5 b5 11. a3 Nc5 12. Bc2 a5 13. Nde4 Nfxe4 14. Nxe4 Na6 15.
Ng3 f5 16. Bd2 g6 17. Bd3 Bd7 18. b4 a4 19. f3 Nc7 20. e4 f4 21. Ne2 g5 22. Nc3
Rb8 23. Be2 Rf7 24. Rc1 Ne8 25. Be1 Nf6 26. Qc2 Qe8 27. Nd1 Bd8 28. Qd2 Rg7 29.
Nc3 g4 30. fxg4 Nxg4 31. Bxg4 Rxg4 32. Nd1 Qg6 33. Rc3 Qxe4 34. Rff3 Qg6 35. h3
Rg5 36. Bh4 Bb6+ 37. Kf1 Rh5 38. Bf2 Bd8 39. Bg1 Bf5 40. Rc6 Be4 41. Bc5 Bxf3
42. gxf3 Rxh3 43. Rxd6 Rh1+ 44. Ke2 Qg2+ 45. Nf2 Qf1# 0-1

[Event "52nd Groningen Open"]
[Site "Groningen NED"]
[Date "2014.12.22"]
[Round "2.23"]
[White "Wempe, Joost"]
[Black "Rakhmanov, Aleksandr"]
[Result "0-1"]
[BlackTitle "GM"]
[WhiteElo "2262"]
[BlackElo "2647"]
[WhiteFideId "1005502"]
[BlackFideId "4173708"]
[EventDate "2014.12.21"]

1. d4 d5 2. c4 e6 3. Nf3 a6 4. g3 dxc4 5. Bg2 b5 6. Ne5 Ra7 7. Be3 Nf6 8. d5 Rb7
9. dxe6 Qxd1+ 10. Kxd1 fxe6 11. Nc3 Bd6 12. Nc6 Ng4 13. Bd4 e5 14. Ba7 Nxc6 15.
Bxc6+ Ke7 16. Bxb7 Bxb7 17. f3 c5 18. Kc2 Ne3+ 19. Kd2 Nf5 20. g4 Nd4 21. Rac1
Bc6 22. Ke3 Ra8 23. Bb6 Rb8 24. Ba5 b4 25. Ne4 Bxe4 26. Kxe4 Rb5 27. e3 Ne6 28.
a4 Rxa5 29. Ra1 c3 30. bxc3 c4 31. cxb4 Bxb4 32. Rhc1 Ng5+ 33. Kf5 e4+ 34. Kf4
Bd6# 0-1

[Event "52nd Groningen Open"]
[Site "Groningen NED"]
[Date "2014.12.22"]
[Round "2.24"]
[White "Maatman, Nick"]
[Black "Popilski, Gil"]
[Result "0-1"]
[BlackTitle "GM"]
[WhiteElo "2226"]
[BlackElo "2522"]
[WhiteFideId "1040391"]
[BlackFideId "2809060"]
[EventDate "2014.12.21"]

1. d4 Nf6 2. c4 g6 3. Nc3 d5 4. cxd5 Nxd5 5. e4 Nxc3 6. bxc3 Bg7 7. Be3 c5 8.
Qd2 O-O 9. Rc1 Qa5 10. Nf3 e6 11. Bh6 Nc6 12. h4 cxd4 13. Bxg7 Kxg7 14. cxd4 Bd7
15. Rc5 Qxd2+ 16. Kxd2 Rac8 17. Rc3 f5 18. exf5 exf5 19. Bd3 Be6 20. Bc4 Bxc4
21. Rxc4 Rcd8 22. Re1 Rd6 23. a3 Rfd8 24. Kd3 Kf6 25. g3 b5 26. Rc5 Nxd4 27.
Nxd4 Rxd4+ 28. Kc3 a6 29. Re3 R8d6 30. Rc7 Rd2 31. Rxh7 Rxf2 32. Ree7 Rf3+ 33.
Kc2 Re6 34. Ref7+ Ke5 35. h5 Rxg3 36. h6 Kf4 37. Rh8 Re2+ 38. Kd1 Ra2 0-1

[Event "52nd Groningen Open"]
[Site "Groningen NED"]
[Date "2014.12.22"]
[Round "2.25"]
[White "Stegariu, Alexandru"]
[Black "Lobzhanidze, Davit"]
[Result "0-1"]
[BlackTitle "IM"]
[WhiteElo "2156"]
[BlackElo "2433"]
[WhiteFideId "1218042"]
[BlackFideId "13600796"]
[EventDate "2014.12.21"]

1. c4 e6 2. Nc3 d5 3. d4 Nf6 4. cxd5 exd5 5. Bg5 Be7 6. Qc2 c6 7. e3 O-O 8. Bd3
Nbd7 9. Nge2 Re8 10. O-O Nf8 11. Rad1 Bg4 12. f3 Bh5 13. Ng3 Bg6 14. Nf5 Bxf5
15. Bxf5 Nh5 16. Bxe7 Qxe7 17. Rde1 g6 18. Bd3 Rad8 19. Qf2 Ne6 20. Kh1 f5 21.
Bc2 Qf6 22. g4 Nhg7 23. gxf5 Nxf5 24. Bxf5 Qxf5 25. Qg2 Qf6 26. Qg3 Re7 27. Qe5
Qxe5 28. dxe5 d4 29. Ne4 dxe3 30. f4 Nd4 31. Rxe3 Nf5 32. Re2 Kg7 33. Ng3 Rf7
34. Kg2 Rd3 35. Nxf5+ Rxf5 36. Rf3 Rd4 37. Kg3 Kf7 38. Ree3 Ke6 39. Rd3 Rfxf4
40. Rde3 Rxf3+ 41. Kxf3 Rb4 42. b3 Rd4 43. a3 g5 0-1

[Event "52nd Groningen Open"]
[Site "Groningen NED"]
[Date "2014.12.22"]
[Round "2.26"]
[White "Bulmaga, Irina"]
[Black "Sparenberg, Erik"]
[Result "1/2-1/2"]
[WhiteTitle "IM"]
[WhiteElo "2392"]
[BlackElo "2105"]
[WhiteFideId "13903063"]
[BlackFideId "1013262"]
[EventDate "2014.12.21"]

1. e4 e5 2. Nf3 Nc6 3. Bb5 a6 4. Ba4 Nf6 5. O-O Be7 6. Re1 b5 7. Bb3 O-O 8. h3
d6 9. c3 Na5 10. Bc2 c5 11. d4 Qc7 12. Nbd2 cxd4 13. cxd4 Nc6 14. Nb3 a5 15. Be3
a4 16. Nbd2 Bd7 17. Rc1 Qb7 18. Bb1 Rfe8 19. Nf1 Bd8 20. Ng3 Ba5 21. Rf1 h6 22.
d5 Ne7 23. Nh4 Bb6 24. Bd2 Ba5 25. b4 axb3 26. axb3 Bxd2 27. Qxd2 Rac8 28. Bd3
Qb6 29. b4 g5 30. Nf3 Ng6 31. Qe3 Qxe3 32. fxe3 Kg7 33. Nd2 Ne7 34. Ne2 Rxc1 35.
Rxc1 Rc8 36. Ra1 Ne8 37. Ra5 f5 38. Kf2 fxe4 39. Nxe4 Nxd5 40. Bxb5 Bxb5 41.
Rxb5 Ndf6 42. N4c3 Rc4 43. Rb7+ Kg6 44. Rb8 Kf7 45. b5 d5 46. b6 Rb4 47. Rd8
Rxb6 48. Nxd5 Rd6 49. Rxd6 Nxd6 50. Nxf6 Kxf6 51. Nc3 Kf5 52. g4+ Ke6 53. Kf3
Kf7 54. e4 Kg6 55. Nd5 Nb5 56. Ne7+ Kf7 57. Nf5 Kg6 58. Ke3 Nc7 59. Ne7+ Kf7 60.
Nf5 Kg6 61. Kf3 Ne6 62. Kg3 Nf4 63. h4 gxh4+ 64. Nxh4+ Kf6 65. Nf3 Ne2+ 66. Kh4
Nc3 67. Kh5 Nxe4 68. Kxh6 Nf2 69. g5+ Ke6 70. g6 Ng4+ 71. Kh7 Nf6+ 72. Kh8 e4
73. Nd4+ Ke5 74. Ne2 Ne8 75. Kg8 Kf6 76. Nf4 e3 77. Kh7 Kf5 78. Ne2 Kg5 79. Nc3
Nf6+ 80. Kg7 Nd5 81. Kf7 Ne7 82. g7 Kh6 83. Nd5 e2 84. Nxe7 e1=Q 85. g8=Q Qf1+
86. Ke6 Qe2+ 87. Kd7 Qb5+ 88. Kd6 Qb4+ 89. Ke6 Qe4+ 90. Kf6 Qd4+ 91. Kf5 Qd3+
92. Ke5 Qc3+ 93. Kd6 Qb4+ 94. Kd7 Qb5+ 95. Ke6 Qe2+ 96. Kf6 Qb2+ 97. Kf5 Qf2+
98. Ke6 Qe2+ 99. Kd6 Qd3+ 100. Kc7 Qc2+ 101. Kd8 Qd3+ 102. Nd5 Kh5 103. Qh8+ Kg4
104. Qe5 Kf3 105. Qf4+ Ke2 106. Qd6 Kd2 107. Kc7 Qh7+ 108. Kc6 Ke1 109. Qe5+ Kf2
110. Qe3+ Kf1 111. Nc3 Qg6+ 112. Kb5 Qf5+ 113. Kb4 Qf8+ 114. Kb3 Qf7+ 115. Kb4
Qf8+ 116. Kc4 Qc8+ 117. Kd3 Qf5+ 118. Kc4 Qc8+ 119. Kb3 Qg8+ 120. Kc2 Qg6+ 121.
Kc1 Qc6 122. Qh3+ Kg1 123. Kd1 Qd6+ 124. Ke1 Qb4 125. Qg3+ Kh1 126. Qf3+ Kh2
127. Qe2+ Kg3 128. Qd3+ Kh4 129. Qe3 Kh5 130. Kf1 Qf8+ 131. Kg1 Qg7+ 132. Kh1
Qh6 133. Qg3 Qc1+ 134. Kh2 Qc2+ 135. Kh3 Qf5+ 1/2-1/2

[Event "52nd Groningen Open"]
[Site "Groningen NED"]
[Date "2014.12.22"]
[Round "2.27"]
[White "Mollema, Thomas"]
[Black "Kevlishvili, Robby"]
[Result "1/2-1/2"]
[BlackTitle "FM"]
[WhiteElo "2136"]
[BlackElo "2366"]
[WhiteFideId "1034987"]
[BlackFideId "1040634"]
[EventDate "2014.12.21"]

1. f4 c5 2. Nf3 d5 3. g3 Nc6 4. Bg2 g6 5. O-O Bg7 6. Qe1 Nf6 7. d3 O-O 8. h3 b6
9. c4 Bb7 10. Na3 Re8 11. g4 d4 12. Nc2 Nd7 13. Qg3 e5 14. f5 Nb4 15. Nce1 Rb8
16. a3 Na6 17. Ng5 Bxg2 18. Qxg2 Nf6 19. fxg6 fxg6 20. Ne4 Nxe4 21. Qxe4 Qd6 22.
a4 Nc7 23. Bd2 Ne6 24. Nc2 Qe7 25. b4 Qh4 26. Rf3 Bh6 27. Be1 Qd8 28. h4 Bf4 29.
b5 Qd7 30. Rf2 Bg3 31. Rg2 Bxe1 32. Nxe1 Nf4 33. Rg3 Qb7 34. Kf2 Qe7 35. Nf3 Rf8
36. a5 Qc7 37. a6 Rbe8 38. Re1 Ne6 39. Kg2 Re7 40. Qd5 e4 41. Ng5 Qc8 42. Nxe4
Ref7 43. Rf3 Nc7 44. Qg5 Ne6 45. Qd5 Nc7 46. Qg5 Ne6 1/2-1/2

[Event "52nd Groningen Open"]
[Site "Groningen NED"]
[Date "2014.12.22"]
[Round "2.28"]
[White "Beukema, Stefan"]
[Black "Schoehuijs, Erik"]
[Result "1-0"]
[WhiteTitle "FM"]
[WhiteElo "2364"]
[BlackElo "2125"]
[WhiteFideId "1024523"]
[BlackFideId "1004425"]
[EventDate "2014.12.21"]

1. e4 e5 2. Nf3 Nc6 3. d4 exd4 4. Nxd4 Bb4+ 5. c3 Bc5 6. Be3 Bb6 7. Qg4 Qf6 8.
Qg3 d6 9. Nb5 Bxe3 10. Nxc7+ Kd8 11. Nxa8 Bc1 12. Nd2 Bxb2 13. Rd1 Bxc3 14. Bb5
Qe5 15. O-O Qxg3 16. hxg3 Nd4 17. Nf3 Nxb5 18. a4 Na3 19. Rxd6+ Ke7 20. Rd3 Bb4
21. Rc1 Nf6 22. e5 Nd7 23. Nc7 Bc5 24. Nd5+ Kd8 25. Ng5 Nxe5 26. Rxc5 Nxd3 27.
Nxf7+ Kd7 28. Rc7+ Ke6 29. Nxh8 Kxd5 30. Rxc8 Nc5 31. Rc7 a5 32. Rxg7 b6 33.
Rxh7 Nxa4 34. g4 Nc5 35. g5 Ne4 36. g6 Nf6 37. Rf7 Ke6 38. g7 b5 39. Rxf6+ 1-0

[Event "52nd Groningen Open"]
[Site "Groningen NED"]
[Date "2014.12.22"]
[Round "2.29"]
[White "Henseler, Jorgen"]
[Black "Berkovich, Mark A"]
[Result "0-1"]
[BlackTitle "IM"]
[WhiteElo "2110"]
[BlackElo "2362"]
[WhiteFideId "1023233"]
[BlackFideId "2801639"]
[EventDate "2014.12.21"]

1. d4 Nf6 2. c4 e6 3. Nc3 Bb4 4. f3 O-O 5. a3 Bxc3+ 6. bxc3 Nh5 7. g3 f5 8. e3
b6 9. Bd3 Ba6 10. Nh3 Nc6 11. Nf2 Na5 12. Qa4 d6 13. c5 Bxd3 14. Nxd3 Qe8 15.
Qb4 dxc5 16. dxc5 Rd8 17. Ne5 Rd5 18. f4 Nc6 19. c4 0-1

[Event "52nd Groningen Open"]
[Site "Groningen NED"]
[Date "2014.12.22"]
[Round "2.30"]
[White "Von Meijenfeldt, Bart"]
[Black "Schoppen, Casper"]
[Result "0-1"]
[WhiteTitle "FM"]
[WhiteElo "2326"]
[BlackElo "1927"]
[WhiteFideId "1032259"]
[BlackFideId "1046730"]
[EventDate "2014.12.21"]

1. e4 e5 2. Nf3 Nc6 3. Bb5 a6 4. Ba4 Nf6 5. O-O Be7 6. Qe2 b5 7. Bb3 O-O 8. c3
d6 9. d4 Bb7 10. Rd1 exd4 11. cxd4 Na5 12. Bc2 d5 13. e5 Ne4 14. Nbd2 f5 15.
exf6 Bxf6 16. Nxe4 dxe4 17. Bxe4 Re8 18. d5 Qe7 19. Re1 Kh8 20. Bf4 Nc4 21. Qc2
Qf7 22. Rad1 Nxb2 23. Bxh7 Nxd1 24. Rxd1 Bxd5 25. Bg6 Qe6 26. Bxe8 Rxe8 27. Qxc7
Bxa2 28. Qc5 Bb3 29. Rf1 Bd5 30. Be3 Rc8 31. Qa7 Rc4 32. Qb8+ Kh7 33. Bf4 Rc8
34. Qa7 Qg4 35. Bg3 Rc3 36. h3 Qf5 37. Rd1 Bxf3 38. gxf3 Qxf3 39. Qd7 b4 40. Qd2
b3 0-1

[Event "52nd Groningen Open"]
[Site "Groningen NED"]
[Date "2014.12.22"]
[Round "2.31"]
[White "De Groot, Hendrik"]
[Black "Beerdsen, Thomas"]
[Result "0-1"]
[BlackTitle "FM"]
[WhiteElo "2097"]
[BlackElo "2314"]
[WhiteFideId "1037021"]
[BlackFideId "1030108"]
[EventDate "2014.12.21"]

1. Nf3 c5 2. g3 g6 3. Bg2 Bg7 4. O-O Nf6 5. c4 O-O 6. Nc3 d5 7. cxd5 Nxd5 8. Qc2
Nc6 9. d3 Nc7 10. Rd1 b6 11. e3 Bb7 12. d4 cxd4 13. exd4 Rc8 14. Be3 Nd5 15.
Nxd5 Qxd5 16. Ng5 Qxg2+ 17. Kxg2 Nxd4+ 18. Qe4 Bxe4+ 19. Nxe4 Nc2 20. Rac1 Bxb2 0-1

[Event "52nd Groningen Open"]
[Site "Groningen NED"]
[Date "2014.12.22"]
[Round "2.32"]
[White "Salov, Sergej"]
[Black "Savant, Riya"]
[Result "1-0"]
[WhiteTitle "IM"]
[BlackTitle "WFM"]
[WhiteElo "2256"]
[BlackElo "2063"]
[WhiteFideId "4107926"]
[BlackFideId "5067359"]
[EventDate "2014.12.21"]

1. e4 c5 2. Nf3 g6 3. d4 cxd4 4. Qxd4 Nf6 5. Bb5 Nc6 6. Qa4 Qa5+ 7. Qxa5 Nxa5 8.
Nc3 a6 9. e5 Ng4 10. Nd5 Rb8 11. h3 e6 12. hxg4 exd5 13. Be2 d6 14. Bf4 Bxg4 15.
exd6 Rd8 16. d7+ Bxd7 17. Be5 Rg8 18. Bc7 Nc6 19. Bxd8 Nxd8 20. Rxh7 Bg7 21.
O-O-O Bc6 22. Nd4 Bd7 23. Bf3 Nc6 24. Re1+ Kd8 25. Nb3 Ne7 26. c3 b6 27. Rd1 Be6
28. Nd4 Kd7 29. Nxe6 Kxe6 30. Rhh1 Rc8 31. Rhe1+ Kd6 32. Kb1 Rc5 33. Re3 a5 34.
a4 Bf6 35. Red3 Ke6 36. Bg4+ Kd6 37. Rf3 Ng8 38. Rfd3 Ne7 39. Be2 Kc7 40. Rf3
Rc6 41. Bb5 Re6 42. Be8 Rd6 43. Bxf7 1-0

[Event "52nd Groningen Open"]
[Site "Groningen NED"]
[Date "2014.12.22"]
[Round "2.33"]
[White "Dijkstra, Arjan"]
[Black "Maris, Ivo"]
[Result "1-0"]
[WhiteElo "2029"]
[BlackElo "2232"]
[WhiteFideId "1021389"]
[BlackFideId "1028146"]
[EventDate "2014.12.21"]

1. e4 e5 2. Nf3 Nc6 3. Bc4 Nf6 4. Ng5 Bc5 5. Bxf7+ Ke7 6. Bd5 Rf8 7. O-O d6 8.
h3 Qe8 9. c3 Qg6 10. d4 Bb6 11. f4 exd4 12. Kh2 h6 13. f5 Qh5 14. g4 Nxg4+ 15.
Qxg4 Qxg4 16. hxg4 hxg5 17. Bxg5+ Ke8 18. Kg3 Ne7 19. Bb3 dxc3 20. Nxc3 Bd4 21.
Bf4 Bd7 22. Rad1 Bf6 23. g5 Bxc3 24. bxc3 d5 25. Bxd5 Nxd5 26. Rxd5 Bc6 27. Rd4
Rd8 28. Bxc7 Rxd4 29. cxd4 Kd7 30. d5 Bxd5 31. Rd1 Kxc7 32. Rxd5 Kc6 33. Kg4 b5
34. Rd2 Re8 35. Kf4 Rf8 36. e5 a5 37. e6 Re8 38. Ke5 1-0

[Event "52nd Groningen Open"]
[Site "Groningen NED"]
[Date "2014.12.22"]
[Round "2.34"]
[White "Simonian, Tigran"]
[Black "Boersma, Jan"]
[Result "1/2-1/2"]
[WhiteTitle "IM"]
[WhiteElo "2406"]
[BlackElo "2119"]
[WhiteFideId "13303597"]
[BlackFideId "1003267"]
[EventDate "2014.12.21"]

1. d4 Nf6 2. c4 g6 3. Nc3 Bg7 4. e4 O-O 5. h3 d6 6. Bg5 Qe8 7. Bd3 Nc6 8. Nge2
a6 9. Be3 b5 10. cxb5 Nb4 11. O-O Nxd3 12. Qxd3 axb5 13. a3 c6 14. Rac1 Ba6 15.
Qc2 Nd7 16. Rfe1 Nb6 17. Rcd1 Nc4 18. Bc1 Bb7 19. a4 bxa4 20. Nxa4 Ba6 21. b3
Na5 22. Bd2 Qd8 23. Bc3 Rb8 24. Nc1 Qc7 25. e5 Rb7 26. exd6 exd6 27. b4 Nc4 28.
Nb3 Bb5 29. Na5 Rbb8 30. Nb2 Nb6 31. Rc1 Nd5 32. Nd1 Qb6 33. Ne3 Nxc3 34. Qxc3
Bxd4 35. Qd2 d5 36. Nb3 Bxe3 37. Rxe3 Bc4 38. Nc5 Qxb4 39. Qd4 Qb2 40. Rec3 Qb6
41. Re1 Rfe8 42. Re5 f6 43. Ree3 Qb1+ 44. Kh2 Qf5 45. Rf3 Qe5+ 46. Qxe5 fxe5 47.
Nd7 Kg7 48. Nxb8 Rxb8 49. Ra3 Rb7 50. Ra8 d4 51. Rfa3 d3 52. Rd8 e4 53. Rd4 Bd5
54. f3 exf3 55. gxf3 Bxf3 56. Raxd3 Bd5 57. Rd2 Rb1 58. Ra4 g5 59. Rg4 h6 60.
Rg1 Rb4 61. Rf2 Kg6 62. Rgf1 Kh5 63. Rf6 Rb2+ 64. R1f2 Rb1 65. Rf1 Rb2+ 66. R1f2
Rb1 1/2-1/2

[Event "52nd Groningen Open"]
[Site "Groningen NED"]
[Date "2014.12.22"]
[Round "2.35"]
[White "Dijkhuis, Sven"]
[Black "Offringa, Joost"]
[Result "0-1"]
[WhiteElo "2126"]
[BlackElo "2226"]
[WhiteFideId "1036556"]
[BlackFideId "1025880"]
[EventDate "2014.12.21"]

1. e4 e6 2. d4 d5 3. Nd2 Be7 4. Ngf3 Nf6 5. Bd3 c5 6. exd5 Qxd5 7. c4 Qh5 8. O-O
O-O 9. Be2 cxd4 10. Nxd4 Qg6 11. N2f3 Rd8 12. Bd3 Qh5 13. Qc2 e5 14. Ne2 Rxd3
15. Ng3 Qg6 16. Nxe5 Rxg3 17. Nxg6 Rxg6 18. Bf4 Nc6 19. Rad1 Nh5 20. Bg3 Bg4 21.
Rde1 Bb4 22. Rd1 Bxd1 23. Rxd1 Re8 24. Bc7 Rge6 25. h3 R6e7 26. Bd6 Re2 27. Qd3
Bxd6 28. Qxd6 Rxb2 29. Rd2 Rb1+ 30. Rd1 Rxd1+ 31. Qxd1 Nf6 32. Kh2 h6 33. Qb3
Re7 34. a3 Ne4 35. Qe3 Re5 36. Qf4 Kf8 37. Qe3 Ke7 38. Kg1 Nc5 39. Qg3 Ne6 40.
Qb3 b6 41. Qa4 Na5 42. Qc2 Rc5 43. Qe4 Nxc4 0-1

[Event "52nd Groningen Open"]
[Site "Groningen NED"]
[Date "2014.12.22"]
[Round "2.36"]
[White "Ypma, Peter"]
[Black "Kampman, Tijmen"]
[Result "1-0"]
[WhiteElo "2223"]
[BlackElo "2084"]
[WhiteFideId "1027255"]
[BlackFideId "1009079"]
[EventDate "2014.12.21"]

1. Nf3 e6 2. g3 b6 3. Bg2 Bb7 4. O-O Nf6 5. c4 c5 6. Nc3 Be7 7. Re1 d6 8. d4 O-O
9. e4 cxd4 10. Nxd4 Qc8 11. b3 Nc6 12. Bb2 Rd8 13. Rc1 Bf8 14. Nc2 a6 15. Ne3
Ne5 16. h3 Bc6 17. Ncd5 Nfd7 18. f4 Ng6 19. a4 Qb7 20. a5 Ne7 21. Qd4 e5 22. Qd1
Bxd5 23. exd5 g6 24. fxe5 Nxe5 25. Ng4 Nxg4 26. Qxg4 Nf5 27. Rf1 Qc8 28. Be4
Qc5+ 29. Kh1 Nh6 30. Qf3 f5 31. Qc3 Nf7 32. Bxf5 Ne5 33. Be6+ Kh8 34. Rxf8+ Rxf8
35. Qxe5+ dxe5 36. Bxe5+ Rf6 37. Bxf6# 1-0